الليزر و الألياف الضوئية / (Record no. 134128)

MARC details
000 -LEADER
fixed length control field 00627nam a22001937a 4500
005 - DATE AND TIME OF LATEST TRANSACTION
control field 20251108175434.0
008 - FIXED-LENGTH DATA ELEMENTS--GENERAL INFORMATION
fixed length control field 250721s2010 xx 000 0 ara d
082 14 - DEWEY DECIMAL CLASSIFICATION NUMBER
Classification number 621.366/أحم
100 1# - MAIN ENTRY--PERSONAL NAME
Personal name أحمد، وحيد مصطفى
245 10 - TITLE STATEMENT
Title الليزر و الألياف الضوئية /
246 11 - VARYING FORM OF TITLE
Title proper/short title lasers & fiber optics
264 1# - PRODUCTION, PUBLICATION, DISTRIBUTION, MANUFACTURE, AND COPYRIGHT NOTICE
Place of production, publication, distribution, manufacture القاهرة :
Name of producer, publisher, distributor, manufacturer دار الكتب العلمية للنشر و التوزيع،
Date of production, publication, distribution, manufacture, or copyright notice 2010.
300 ## - PHYSICAL DESCRIPTION
Extent 352ص.
650 17 - SUBJECT ADDED ENTRY--TOPICAL TERM
Topical term or geographic name as entry element الليزر
650 17 - SUBJECT ADDED ENTRY--TOPICAL TERM
Topical term or geographic name as entry element نظم الأتصالات الضوئية
650 17 - SUBJECT ADDED ENTRY--TOPICAL TERM
Topical term or geographic name as entry element الألياف الضوئية
942 ## - ADDED ENTRY ELEMENTS (KOHA)
Source of classification or shelving scheme Dewey Decimal Classification
Koha item type Books
Holdings
حالة السحب حالة الفقدان مصدر التصنيف حالة التلف غير قابل للإعارة المكتبة الرئيسية المكتبة الحالية موقع الرف تاريخ التزويد الرقم المتسلسل Total Checkouts رقم الإستدعاء الباركود تاريخ آخر ظهور تاريخ الفاتورة نوع المادة (كوها)
    Dewey Decimal Classification     المكتبة المركزية المكتبة المركزية الإعارة 28/07/2025 1621503   621.366/أحم PLD00368742 28/07/2025 28/07/2025 Books
    Dewey Decimal Classification     مكتبة أبو علندا العامة مكتبة أبو علندا العامة الإعارة 24/01/2016 1621507   621.366/أحم PLD00370020 28/07/2025 24/01/2016 Books
    Dewey Decimal Classification     مكتبة الجويدة مكتبة الجويدة الإعارة 24/01/2016 1621504   621.366/أحم PLD00370017 28/07/2025 24/01/2016 Books
    Dewey Decimal Classification     مكتبة حمزة العامة مكتبة حمزة العامة الإعارة 24/01/2016 1621506   621.366/أحم PLD00370019 28/07/2025 24/01/2016 Books
    Dewey Decimal Classification     مكتبة وادي السير العامة مكتبة وادي السير العامة الإعارة 24/01/2016 1621505   621.366/أحم PLD00370018 28/07/2025 24/01/2016 Books
Implemented & Customized by: BBB with SCIT (Smart Chains for Information Technology)

Powered by Koha